Haldane and modern biology. (Record no. 16654)

000 -LEADER
fixed length control field 00384cam a22001451 4500
040 ## - CATALOGING SOURCE
Transcribing agency DLC
082 00 - DEWEY DECIMAL CLASSIFICATION NUMBER
Classification number 575 JOH 1969 A111 Or.
245 00 - TITLE STATEMENT
Title Haldane and modern biology.
260 ## - PUBLICATION, DISTRIBUTION, ETC. (IMPRINT)
Place of publication Baltimore,
Name of publisher Johns Hopkins Press
Year of publication [1968]
300 ## - PHYSICAL DESCRIPTION
Number of Pages xvi, 333 p.
Other physical details illus., ports.
Dimensions 24 cm.
650 #0 - SUBJECT ADDED ENTRY--TOPICAL TERM
Topical Term Genetics.
700 1# - ADDED ENTRY--PERSONAL NAME
Personal name Haldane, J. B. S.
700 1# - ADDED ENTRY--PERSONAL NAME
Personal name Dronamraju, Krishna R.,
942 ## - ADDED ENTRY ELEMENTS (KOHA)
Koha item type សៀវភៅភាសាអង់គ្លេស
952 ## - LOCATION AND ITEM INFORMATION (KOHA)
Withdrawn status [LOCAL, KOHA] 0
Holdings
Permanent Location Date acquired Koha item type Lost status Shelving location Barcode Current Location Full call number
Library Block A2018-03-21សៀវភៅភាសាអង់គ្លេស A106A18270Library Block A575 JOH 1969 A106 Or.
មជ្ឈមណ្ឌលឯការនៃសាកលវិទ្យាល័យភូមិន្ទកសិកម្មចំការដូង

Powered by Koha